Famous American Streets - Statistics

General Stats
  • This quiz has been taken 17 times
    9 since last reset
  • The average score is 19 of 20
Answer Stats
Street State Answer % Correct
Peachtree Street Georgia Atlanta
100%
Newbury Street Massachusetts Boston
100%
Lakeshore Drive Illinois Chicago
100%
Colfax Avenue Colorado Denver
100%
Beale Street Tennessee Memphis
100%
Fremont Street Nevada Las Vegas
100%
Sunset Boulevard California Los Angeles
100%
Biscayne Boulevard Florida Miami
100%
Bourbon Street Louisiana New Orleans
100%
Fort Pitt Boulevard Pennsylvania Pittsburgh
100%
Lombard Street California San Francisco
100%
River Street Georgia Savannah
100%
Pike Street Washington Seattle
100%
Pennsylvania Avenue District of Columbia Washington
100%
Baltic Avenue New Jersey Atlantic City
88%
Superior Avenue Ohio Cleveland
88%
Water Street Wisconsin Milwaukee
88%
Wall Street New York New York
88%
Rodeo Drive California Beverly Hills
63%
Seawall Boulevard Texas Galveston
38%
No matching quizzes found
Score Distribution
Percent of People with Each Score
Percentile by Number Answered
Your Score History
You have not taken this quiz since the last reset